000 00929cab a2200289 4500
001 ABS52761
008 090401t1995 xxu||||| |||| 00| 0 eng d
035 _a(Sirsi) u7
041 _aeng
100 _aPitt, J.
245 _aBuilding on resources
260 _c1995
350 _a0
490 _aPlanning Week
_v3(15) 13 April 1995, 14-16(3)
520 _aArgues that to meet the demand for housing in the next 20 years intensification of existing stock must be considered. The regeneration of existing suburban and urban areas is illustrated by a Hertfordshire scheme.
650 _aHOUSEHOLD PROJECTIONS
650 _aHOUSING DENSITY
650 _aHOUSING
650 _aPLANNED INTENSIFICATION
650 _aSUBURBAN AREAS
650 _aSUBURBAN INTENSIFICATION
650 _aSUSTAINABLE DEVELOPMENT
650 _aURBAN REGENERATION
690 _aPLANNING LAW AND PRACTICE
942 _n0
948 _c04/03/1997
999 _c2
_d2